Historia de Euskal Etxea-Hogar Vasco de Madrid
সংরক্ষণ করুন:
| প্রধান লেখক: | |
|---|---|
| বিন্যাস: | গ্রন্থ |
| ভাষা: | স্প্যানিশ |
| প্রকাশিত: |
San Sebastián, España
Eusko Jaurlaritza
2003
|
| মালা: | Colección Urazandi Bilduma,
14 |
| বিষয়গুলি: | |
| ট্যাগগুলো: |
ট্যাগ যুক্ত করুন
কোনো ট্যাগ নেই, প্রথমজন হিসাবে ট্যাগ করুন!
|
MARC
| LEADER | 00000nam a2200000 a 4500 | ||
|---|---|---|---|
| 001 | UCL5874 | ||
| 003 | CL-VaPUC | ||
| 005 | 20210909074805.0 | ||
| 008 | 040319e20030000sp |||||||||||||||||spa|d | ||
| 999 | |c 308254 |d 308252 | ||
| 020 | |a 8445720104 | ||
| 040 | |c Pontificia Universidad Católica de Valparaíso | ||
| 082 | 0 | 4 | |a 303.482 BEL 2003 |2 21 |
| 100 | 0 | |a Beltrán de Heredia Iraurgui, Pablo José |e author |9 483615 | |
| 245 | 1 | 0 | |a Historia de Euskal Etxea-Hogar Vasco de Madrid |
| 260 | |a San Sebastián, España |b Eusko Jaurlaritza |c 2003 | ||
| 300 | |a 309 páginas | ||
| 490 | 0 | |a Colección Urazandi Bilduma, |v 14 | |
| 583 | |a last modification |c 20190806 12:06:15 |k Rodrigo Vera | ||
| 600 | 0 | 7 | |a COMUNIDAD VASCA |2 CL-VaPUC |9 483616 |
| 650 | 0 | |a Influencia social |z MADRID |z ESPAÑA |9 309315 | |
| 650 | 0 | |a Emigración |z MADRID |z ESPAÑA |9 343094 | |
| 650 | 0 | |a Cambio social |z MADRID |z ESPAÑA |9 256857 | |
| 650 | 0 | |a Costumbres y tradiciones |z MADRID |z ESPAÑA |9 268292 | |
| 650 | 0 | |a Desarrollo económico y social |z ESPAÑA |9 256320 | |
| 852 | |a BIBCUR | ||
| 942 | |c BK |2 ddc | ||
| 945 | |d 20040319 00:00:00 |a cmena | ||
| 952 | |0 0 |1 0 |2 ddc |4 0 |6 303_482000000000000_BEL_2003 |7 0 |8 A |9 374598 |a BIBHIS |b BIBHIS |d 2019-11-21 |i 3988058 |o 303.482 BEL 2003 |p 3988058 |r 2025-01-20 |t 1 |w 2019-11-21 |y BK |k HIS | ||